Geography Containing the Letter Z - Statistics

General Stats
  • This quiz has been taken 27,657 times
  • The average score is 15 of 21
Answer Stats
Hint Answer % Correct
Phoenix is its capital Arizona
97%
The longest river in South America Amazon
96%
Only country in Central America whose official language is English Belize
84%
Canal connecting the Mediterranean and Red Sea Suez
83%
Country formed by the merger of Tanganyika and Zanzibar Tanzania
83%
Largest landlocked country in the world Kazakhstan
82%
Longest river in China Yangtze
82%
Short version name of the Czech Republic Czechia
80%
Country bordering the Caspian Sea which hosts a Formula One race Azerbaijan
78%
One of two Palestinian territories Gaza
78%
Spanish island in the Mediterranean home to some of the world's top dance clubs Ibiza
77%
Archipelago about 1360 km west of Portugal Azores
71%
City in Tenerife, California, or Bolivia Santa {Cruz}
69%
Country that consists of a confederation of cantons Switzerland
69%
Term for a Middle Eastern marketplace, also known as a souq Bazaar
66%
City formerly known as Canton Guangzhou
57%
The largest and most populous island in the Philippines Luzon
57%
Country which has over 200 million cows Brazil
56%
Mountainous region of Missouri and Arkansas Ozarks
42%
City of more than 10 million people on Hong Kong's northern border Shenzhen
41%
Term for a person of mixed Spanish and indigenous descent in Latin America Mestizo
33%
No matching quizzes found
Score Distribution
Percent of People with Each Score
Percentile by Number Answered
Your Score History
You have not taken this quiz